000 00841nam a22002417a 4500
005 20100813121356.0
008 081119t xxu||||| |||| 00| 0 ur d
010 _aUR-7704
020 _c150.00
035 _aU-6259
040 _aDPL
_bUR
082 _aن
100 _aکشوری لال
_911327
245 _a مصالحوں کےرنگ /
_cکشوری لال
246 _aMasalahon Ke Rang /
_bby Kishori Lal
260 _aگڑگا‏ؤں
_c2007
_bکشوری لال
270 _aQ-1/23, Ground Floor, DLF City
_bGurgaon
_e122002
_mlalk@airtailbroadbond.in
300 _a96 ص
_c22 س م (Hb)
650 _aتاریخ
_911328
650 _aIndian history
_911329
942 _2ddc
_cUR
_hن
_mک ش و
999 _c41558
_d41558